| 000 | 01511cam a22003494a 4500 | ||
|---|---|---|---|
| 001 | 14263818 | ||
| 003 | OSt | ||
| 005 | 20180117085951.0 | ||
| 008 | 060213s2007 caua b 001 0ceng | ||
| 010 | _a 2006004957 | ||
| 020 | _a1412924847 (cloth) | ||
| 035 | _a(OCoLC)ocm64065921 | ||
| 040 |
_aDLC _cDLC _dBAKER _dC#P _dYDXCP _dDLC |
||
| 042 | _apcc | ||
| 050 | 0 | 0 |
_aBF176 _b.M38 2007 |
| 082 | 0 | 0 |
_a150.28/7 _222 |
| 100 | 1 |
_aMcIntire, Sandra A., _d1944- |
|
| 245 | 1 | 0 |
_aFoundations of psychological testing : _ba practical approach / _cSandra A. McIntire, Leslie A. Miller. |
| 250 | _a2nd ed. | ||
| 260 |
_aThousand Oaks : _bSage Publications, _cc2007. |
||
| 300 |
_axvi, 632 p. : _bill. ; _c27 cm. |
||
| 504 | _aIncludes bibliographical references (p. 583-602) and indexes. | ||
| 650 | 0 |
_aPsychological tests _vTextbooks. |
|
| 700 | 1 | _aMiller, Leslie A. | |
| 856 | 4 | 1 |
_3Table of contents only _uhttp://www.loc.gov/catdir/toc/ecip068/2006004957.html |
| 856 | 4 | 2 |
_3Publisher description _uhttp://www.loc.gov/catdir/enhancements/fy0659/2006004957-d.html |
| 856 | 4 | 2 |
_3Contributor biographical information _uhttp://www.loc.gov/catdir/enhancements/fy0734/2006004957-b.html |
| 906 |
_a7 _bcbc _corignew _d1 _eecip _f20 _gy-gencatlg |
||
| 942 |
_2ddc _cBK |
||
| 999 |
_c2890 _d2890 |
||